New ceramic abrasive tools for rough and finishing grinding in one pass / (Rekord nr 9391)
| 000 -ETYKIETA REKORDU | |
|---|---|
| podpole kontrolne o stałej długości | 01138naa a22001817i 4500 |
| 001 - NUMER KONTROLNY REKORDU | |
| podpole kontrolne | 9391 |
| 003 - IDENTYFIKATOR NUMERU KONTROLNEGO REKORDU | |
| podpole kontrolne | KOSZ 005 |
| 005 - DATA OSTATNIEJ MODYFIKACJI REKORDU | |
| podpole kontrolne | 20180327151114.0 |
| 008 - POLE O STAŁEJ DŁUGOŚCI - DANE KONTROLNE | |
| podpole kontrolne o stałej długości | 180327s2006 sz |||f| ||||1|| ||eng |
| 040 ## - ŹRÓDŁO KATALOGOWANIA | |
| Instytucja, która utworzyła rekord | KOSZ 005/HR |
| Instytucja, która sporządziła opis | KOSZ 005/HR |
| 100 ## - NAZWA OSOBOWA | |
| Nazwa osobowa | HERMAN, Daniela. |
| Lata pracy | 1996 - . |
| Instytucja | Politechnika Koszalińska - Wydział Mechaniczny, |
| Wydział | Katedra Inżynierii Materiałowej |
| 245 10 - TYTUŁ/ODPOWIEDZIALNOŚĆ | |
| Tytuł | New ceramic abrasive tools for rough and finishing grinding in one pass / |
| Pozostałe elementy strefy tytułu i oznaczenia odpowiedzialności | Daniela Herman, Jarosław Plichta, Krzysztof Nadolny. |
| 700 1# - HASŁO DODATKOWE - NAZWA OSOBOWA | |
| Nazwa osobowa | PLICHTA, Jarosław. |
| Instytucja | Politechnika Koszalińska - Wydział Mechaniczny, |
| Wydział | Katedra Inżynierii Produkcji |
| Lata pracy | 1996 - . |
| 700 1# - HASŁO DODATKOWE - NAZWA OSOBOWA | |
| Nazwa osobowa | NADOLNY, Krzysztof. |
| Instytucja | Politechnika Koszalińska - Wydział Mechaniczny, |
| Wydział | Katedra Inżynierii Produkcji |
| Lata pracy | 2006 - . |
| 711 22 - HASŁO DODATKOWE - NAZWA IMPREZY | |
| Nazwa imprezy | Manufacturing Engineering Society International Conference |
| Oznaczenie części/sekcji dzieła | (1 ; |
| Data imprezy | 2005 ; |
| Miejsce imprezy | Calatayud, Hiszpania) |
| 773 0# - TYTUŁ DOKUMENTU MACIERZYSTEGO | |
| Wyrażenie wprowadzające | W : |
| Tytuł | Advances in materials processing technologies : selected papers from Materials Processing Symposium. - |
| Adres wydawniczy | Uetikon-Zuerich : Trans Tech Publications, 2006. - |
| Informacje dotyczące relacji | s. 163-168. |
| Strefa serii | Materials Science Forum ; vol. 526 |
| ISSN | 0255-5476 |
| 942 ## - HASŁO DODATKOWE - ELEMENTY(KOHA) | |
| Typ dokumentu | Rozdział |
| Schemat klasyfikacji | Uniwersalna klasyfikacja dziesiętna |
Brak dostępnych egzemplarzy.
